The Almanac of the canning, freezing, preserving industries.

Bibliographic Details
Format: Serial
Language:English
Published: Westminister, Md. : Edward E. Judge & Sons.
Subjects:

MARC

Tag First Indicator Second Indicator Subfields
LEADER 00000cas a2200000 4500
001 in00000048641
005 20151007073554.0
008 750726c19169999mduar y 0uuua1eng d
010 |a  16009690  
035 |a (OCoLC)01479174 
035 |9 AAE9962AM 
040 |a MUL  |c MUL  |d COO  |d FUL  |d TXA  |d UtOrBLW 
049 |a TXAE 
070 |a 323.8  |b C225a 
090 |a TX599  |b .C4 
222 4 |a The Almanac of the canning, freezing, preserving industries 
245 0 4 |a The Almanac of the canning, freezing, preserving industries. 
247 0 0 |a Almanac of the canning industry  |f 1916-40 
247 0 0 |a Canning trade almanac  |f 1941-57 
264 1 |a Westminister, Md. :  |b Edward E. Judge & Sons. 
300 |a  volumes :  |b illustrations 
310 |a Annual 
336 |a text  |b txt  |2 rdacontent 
337 |a unmediated  |b n  |2 rdamedia 
338 |a volume  |b nc  |2 rdacarrier 
362 0 |a 1st- 1916- 
580 |a Issues for 1935-40 published as Supplement to the Canning trade; 1941- as part 2 of a regular number of the journal. 
650 0 |a Canned foods industry  |x Periodicals. 
772 1 |t Canning trade  |g 1935-40 
777 1 |t Canning trade  |g 1941- 
999 |a MARS 
999 f f |s 2f695fdb-1c57-388e-aac2-236901690109  |i 94e314a4-605f-3fb2-b77d-954c1a0f5afc  |t 0 
952 f f |p ric  |a Texas A&M University  |b Rellis Campus  |c Joint Library Facility  |d Remote Storage  |t 0  |e TX599 .C4  |h Library of Congress classification  |i unmediated -- volume  |k 52nd  |l 1967  |m A14807289034 
952 f f |p ric  |a Texas A&M University  |b Rellis Campus  |c Joint Library Facility  |d Remote Storage  |t 0  |e TX599 .C4  |h Library of Congress classification  |i unmediated -- volume  |k 70th  |l 1985  |m A14808403291 
952 f f |p ric  |a Texas A&M University  |b Rellis Campus  |c Joint Library Facility  |d Remote Storage  |t 0  |e TX599 .C4  |h Library of Congress classification  |i unmediated -- volume  |k 51st  |l 1966  |m A14807307515 
952 f f |p ric  |a Texas A&M University  |b Rellis Campus  |c Joint Library Facility  |d Remote Storage  |t 0  |e TX599 .C4  |h Library of Congress classification  |i unmediated -- volume  |k 57th  |l 1972  |m A14818431490 
952 f f |p ric  |a Texas A&M University  |b Rellis Campus  |c Joint Library Facility  |d Remote Storage  |t 0  |e TX599 .C4  |h Library of Congress classification  |i unmediated -- volume  |k 53rd  |l 1969  |m A14815072328 
952 f f |p ric  |a Texas A&M University  |b Rellis Campus  |c Joint Library Facility  |d Remote Storage  |t 0  |e TX599 .C4  |h Library of Congress classification  |i unmediated -- volume  |k 66th  |l 1981  |m A14816064514 
952 f f |p ric  |a Texas A&M University  |b Rellis Campus  |c Joint Library Facility  |d Remote Storage  |t 0  |e TX599 .C4  |h Library of Congress classification  |i unmediated -- volume  |k 65th  |l 1980  |m A14818844180 
952 f f |p ric  |a Texas A&M University  |b Rellis Campus  |c Joint Library Facility  |d Remote Storage  |t 0  |e TX599 .C4  |h Library of Congress classification  |i unmediated -- volume  |k 71st  |l 1986  |m A14809398180 
952 f f |p ric  |a Texas A&M University  |b Rellis Campus  |c Joint Library Facility  |d Remote Storage  |t 0  |e TX599 .C4  |h Library of Congress classification  |i unmediated -- volume  |k 53rd  |l 1968  |m A14807288850 
952 f f |p ric  |a Texas A&M University  |b Rellis Campus  |c Joint Library Facility  |d Remote Storage  |t 0  |e TX599 .C4  |h Library of Congress classification  |i unmediated -- volume  |k 61st  |l 1976  |m A14807369622 
952 f f |p ric  |a Texas A&M University  |b Rellis Campus  |c Joint Library Facility  |d Remote Storage  |t 0  |e TX599 .C4  |h Library of Congress classification  |i unmediated -- volume  |k 68th  |l 1983  |m A14807280763 
952 f f |p ric  |a Texas A&M University  |b Rellis Campus  |c Joint Library Facility  |d Remote Storage  |t 0  |e TX599 .C4  |h Library of Congress classification  |i unmediated -- volume  |k 64th  |l 1979  |m A14825383145 
952 f f |p ric  |a Texas A&M University  |b Rellis Campus  |c Joint Library Facility  |d Remote Storage  |t 0  |e TX599 .C4  |h Library of Congress classification  |i unmediated -- volume  |k 67th  |l 1982  |m A14819997546 
952 f f |p ric  |a Texas A&M University  |b Rellis Campus  |c Joint Library Facility  |d Remote Storage  |t 0  |e TX599 .C4  |h Library of Congress classification  |i unmediated -- volume  |k 55th  |l 1970  |m A14816605441 
952 f f |p ric  |a Texas A&M University  |b Rellis Campus  |c Joint Library Facility  |d Remote Storage  |t 0  |e TX599 .C4  |h Library of Congress classification  |i unmediated -- volume  |k 69th  |l 1984  |m A14808118333 
952 f f |p ric  |a Texas A&M University  |b Rellis Campus  |c Joint Library Facility  |d Remote Storage  |t 0  |e TX599 .C4  |h Library of Congress classification  |i unmediated -- volume  |k 60th  |l 1975  |m A14822426473 
952 f f |p ric  |a Texas A&M University  |b Rellis Campus  |c Joint Library Facility  |d Remote Storage  |t 0  |e TX599 .C4  |h Library of Congress classification  |i unmediated -- volume  |k 47th -48th  |l 1962-1963  |m A14816605572 
952 f f |p ric  |a Texas A&M University  |b Rellis Campus  |c Joint Library Facility  |d Remote Storage  |t 0  |e TX599 .C4  |h Library of Congress classification  |i unmediated -- volume  |k 63rd  |l 1978  |m A14816605459 
952 f f |p ric  |a Texas A&M University  |b Rellis Campus  |c Joint Library Facility  |d Remote Storage  |t 0  |e TX599 .C4  |h Library of Congress classification  |i unmediated -- volume  |k 58th  |l 1973  |m A14819998047 
952 f f |p ric  |a Texas A&M University  |b Rellis Campus  |c Joint Library Facility  |d Remote Storage  |t 0  |e TX599 .C4  |h Library of Congress classification  |i unmediated -- volume  |k 59th  |l 1974  |m A14819879196 
952 f f |p ric  |a Texas A&M University  |b Rellis Campus  |c Joint Library Facility  |d Remote Storage  |t 0  |e TX599 .C4  |h Library of Congress classification  |i unmediated -- volume  |k 56th  |l 1971  |m A14815072271 
952 f f |p ric  |a Texas A&M University  |b Rellis Campus  |c Joint Library Facility  |d Remote Storage  |t 0  |e TX599 .C4  |h Library of Congress classification  |i unmediated -- volume  |k 72nd  |l 1987  |m A14810730094 
952 f f |p ric  |a Texas A&M University  |b Rellis Campus  |c Joint Library Facility  |d Remote Storage  |t 0  |e TX599 .C4  |h Library of Congress classification  |i unmediated -- volume  |k 62nd  |l 1977  |m A14815677843 
998 f f |a TX599 .C4  |s 43rd-72nd (1958-1987)  |t 0  |l Remote Storage